000 01134nam a2200313 i 4500
003 EG-GICUC
005 20260121101733.0
008 260118s1968 fr ||||fr|||| 00| 0 fre d
040 _aEG-GiCUC
_cEG-GiCUC
_dEG-GiCUC
_eRda
_bfre
041 _afre
082 0 4 _221
_a341.22
_bDA . C
092 0 4 _221
099 _aLaw1 11 341.22 DA . C 1968
100 1 _aDaudet, Yves
_eAuteur
245 1 4 _aLes Conférences Des Nations Unies Pour La Codification Du Droit International /
_cPar Yves Daudet ; Préf. De C.a. Colliard.
264 _aParis :
_bLibrairie générale de droit et de jurisprudence,
_c1968.
300 _axiv, 352 pages ;
_c24 cm.
336 _2rda contenu
_a texte
337 _2rda medias
_aOrdinateur
338 _2 transporteur rda
_a Ressource en ligne
490 0 _aBibliothèque de droit international ;
_vt. 43
504 _aBibliography: pages 323-331.
546 _aTexte en français
650 1 4 _aSociété des Nations
_xDroit international public
700 1 _aColliard, C.a.
_ePréfacier
856 4 0 _uhttps://fll.law.cu.edu.eg/fulltext/bks/B11-06938.pdf
905 _a75
942 _2ddc
_cBK
_e21
_n0
999 _c57382
_d57382